00740nam a22002297a 4500999001500000001000600015003000900021005001700030008004100047020001500088040002800103082001900131245006600150250001200216260004000228300004700268500002000315650002400335700002200359942001200381952011700393 c7491d749121100BD-DhUAP20210123130131.0210123s2004 nyua 001 0 eng d a8129703904 aDLCcDLCdBD-DhUAPbEng00223a572.33 MOL10aMolecular biology of the gene /cJames D. Watson ...[et al.]. a5th ed. aDelhi :bPearson Education,cc2004. axxix, 732 pages :billustrations ;c29 cm. aIncludes index. aMolecular genetics. aWatson, James D.  2ddccBK 00102ddc4070aUAPCLbUAPCLcGeneral Stacksd2021-01-23o572.33 MOLp3010021100r2021-01-23t1w2021-01-23yBK